Přístupy v arteterapii : teorie & technika / Judith Aron Rubinová (ed.) ; [z anglického originálu ... přeložila Johana Elisová]
Record details
- ISBN: 978-80-7387-093-5
- Physical Description: 543 s. : il. ; 21 cm
- Edition: Vyd. 1.
- Publisher: Praha : Triton, 2008
Content descriptions
| Bibliography, etc. Note: | Obsahuje bibliografie, bibliografické odkazy a rejstřík |
Search for related items by subject
| Subject: | arteterapie art therapy |
| Genre: | monografie monographs |
Search for related items by series
Available copies
- 1 of 2 copies available at Common Catalog SPOK.
Holds
- 0 current holds with 2 total copies.
Show Only Available Copies
| Location | Call Number / Copy Notes | Barcode | Shelving Location | Status | Due Date |
|---|---|---|---|---|---|
| Jabok Library | Psy-9.8/R | 424480022097 | Odborná literatura | Checked out | 08.09.2025 |
| Jabok Library | Psy-9.8/R | 424480022098 | Odborná literatura | Available | - |
Electronic resources
- Version of Resource: Digitalizovaný dokument
- Version of Resource: Obsah
| LDR | 01469nam a2200397 a 4500 | ||
|---|---|---|---|
| 001 | 10430 | ||
| 003 | CZ-PrJAB | ||
| 005 | 20180403095500.0 | ||
| 007 | ta | ||
| 008 | 080709s2008 xr a f f 001 0 cze | ||
| 015 | . | ‡acnb001811895 | |
| 020 | . | ‡a978-80-7387-093-5 ‡q(váz.) | |
| 035 | . | ‡a(CZ PrNK)nkc20081811895 | |
| 035 | . | ‡a(OCoLC)271609989 | |
| 040 | . | ‡aABA001 ‡bcze ‡dOLA001 | |
| 041 | 1 | . | ‡acze ‡heng |
| 072 | 7. | ‡a615.8 ‡xFyzioterapie. Psychoterapie. Alternativní lékařství ‡2Konspekt ‡914 | |
| 080 | . | ‡a615.85:7.02 ‡2MRF | |
| 080 | . | ‡a(048.8) ‡2MRF | |
| 245 | 0 | 0. | ‡aPřístupy v arteterapii : ‡bteorie & technika / ‡cJudith Aron Rubinová (ed.) ; [z anglického originálu ... přeložila Johana Elisová] |
| 250 | . | ‡aVyd. 1. | |
| 260 | . | ‡aPraha : ‡bTriton, ‡c2008 | |
| 300 | . | ‡a543 s. : ‡bil. ; ‡c21 cm | |
| 490 | 1 | . | ‡aPsyché ; ‡vsv. č. 55 |
| 504 | . | ‡aObsahuje bibliografie, bibliografické odkazy a rejstřík | |
| 650 | 0 | 7. | ‡aarteterapie ‡7ph118622 ‡2czenas |
| 650 | 0 | 9. | ‡aart therapy ‡2eczenas |
| 655 | 7. | ‡amonografie ‡7fd132842 ‡2czenas | |
| 655 | 9. | ‡amonographs ‡2eczenas | |
| 700 | 1 | . | ‡aRubin, Judith Aron, ‡d1936- ‡7xx0082611 ‡4edt |
| 765 | 0 | . | ‡tApproaches to art therapy ‡9Česky |
| 830 | 0. | ‡aPsyché (Triton) | |
| 856 | 4 | 1. | ‡uhttp://kramerius4.nkp.cz/search/handle/uuid:cd5dbb70-aea0-11e4-a7a2-005056827e51 ‡yDigitalizovaný dokument |
| 856 | 4 | 1. | ‡yObsah ‡uhttp://toc.nkp.cz/NKC/200810/contents/nkc20081811895_1.pdf |
| 910 | . | ‡aABG312 | |
| 901 | . | ‡a10430 ‡bUnknown ‡c10430 ‡tbiblio | |